000 02141nam0a2200433 4500
001 RU\NLR\bibl\200904
005 20260407023058.0
010 _a5-288-02678-5
021 _aRU
_b2001-22991
_91090
035 _a(NLR Aleph) 000197274
090 _a1142451
_c1142451
100 _a20010724d2000 |||y0rusy50 ca
101 0 _arus
_deng
102 _aRU
105 _aa |||||||||
200 1 _aКаталог типовых образцов сосудистых растений Центральной Азии, хранящихся в Гербарии Ботанического института имени В. Л. Комарова (LE)
_fРос. акад. наук, Ботан. ин-т им. В. Л. Комарова
_gПод ред. В. И. Грубова
210 _aСПб.
_cИзд-во СПбГУ
_d2000
215 _a234,[1] с.
_cил.
_d21
300 _aЗагл. на доп.тит.л.: Catalogue of the type specimens of Central Asian vascular plants un the Herbarium of the V.L. Komarov (LE).
320 _aАлф. указ. назв. родов: с. 231-233
320 _aБиблиогр.: с. 6-7
513 0 _aCatalogue of the type specimens of Central Asian vascular plants un the Herbarium of the V. Z. Komarov (ZE)
606 0 _aСосудистые растения
_jКаталоги
_yЦентральная Азия
_92232783
_3RU\NLR\auth\661340087
610 0 _aСосудистые растения - Каталоги
610 0 _aИнституты ботаники - Коллекции
610 0 _aЦентральная Азия, ботаника
675 _a582.35/.9(51)(085.2)
_v3
_zrus
686 _a34.29
_2rugasnti
686 _a28.592я2
_2rubbk
686 _aЕ592(54)
686 _aЕ5е(2)л2
702 1 _aГрубов
_gВалерий Иванович
_4340
711 0 2 _aБотанический институт им. В. Л. Комарова
_bГербарий
_cЛенинград
_9514582
_3RU\NLR\AUTH\8810008423
801 0 _aRU
_bRKP
_c20010724
_gPSBO
801 1 _aRU
_bRKP
_c20010724
801 2 _aRU
_bNLR
_c20061114
_grcr
942 _cBOOK
980 _aNB